| 000 | 00922nam a2200241Ia 4500 | ||
|---|---|---|---|
| 005 | 20250622124038.0 | ||
| 008 | 250617s9999||||xx |||||||||||||| ||ara|| | ||
| 017 |
_a2025/3047 _bمصر. دار الكتب |
||
| 020 | _a9789777552523 | ||
| 082 | 0 | 4 |
_a"364,168" _bأ خ |
| 100 | 0 | _aأحمد محمد السيد | |
| 245 | 1 | 0 |
_aالخداع الرقمى : _bكيف يغير Deepfake عالمنا / _cإعداد أحمد محمد السيد |
| 250 | _aط1 | ||
| 260 | 3 |
_aالقاهرة : _b"دار السحاب للنشر والتوزيع،" _c2025. |
|
| 300 |
_a285ص ؛ _b _c24سم. |
||
| 650 |
_a"a _ المعلومات، علم" |
||
| 650 |
_aالحاسبات الإلكترونية _x برامج |
||
| 650 |
_aالحاسبات الإلكترونية _x جرائم |
||
| 650 | _aالخداع الرقمى | ||
| 650 | _aجرائم الاحتيال والنصب | ||
| 942 | _cBK | ||
| 999 |
_c67691 _d67691 |
||